000 00820nam a22002417a 4500
999 _c14101
_d14101
003 AR-CdUCM
008 190422b ||||| |||| 00| 0 spa d
040 _aMUNICIPALIDAD PROVINCIAL DEL CUSCO
_cBIBLIOTECA MUNICIPAL DEL CUSCO
041 _hpor
082 _aES / 868.9 /
_bM84
_26ed.
100 _aMonteiro Lobato, José Bento
_932736
245 _aLa reforma de la naturaleza /
260 _aBuenos Aires :
_bLosada,
_c1957.
300 _a137 páginas ;
_bIlustraciones,
_c20 cm.
440 _n21-22
_932768
505 _aContenido: La reforma de la naturaleza -- El espanto de las gentes.
650 _aSiglo XX
_98
650 _aLiteratura brasilera
_913828
650 _aCuentos infantiles brasileños
_932737
700 _aDe Sosa J. M. (traductor)
_932769
942 _2ddc
_cLIBROS
945 _acmm
_d2019-04-22